000 02544nam0a2200433 4500
001 RU\NLR\bibl\1654412
005 20260408170708.0
010 _a978-5-89846-890-3
_9500
021 _aRU
_b2010-42682
_92860
035 _a(nilc)LIBNET\0000047046
035 _a(NLR Aleph) 001645727
090 _a890156
_c890156
100 _a20100706d2009 |||y0rusy50 ca
101 0 _arus
102 _aRU
105 _ay z |||||
200 1 _aЛичность и художественный процесс
_eк 75-летию Г. С. Райшева
_eматериалы научно-практической конференции, 17-18 ноября 2009
_f[отв. ред. Н. Н. Федорова]
210 _aХанты-Мансийск
_cПолиграфист
_d2009
215 _a130 с.
_d22
300 _aВ надзаг.: Департамент культуры и искусства Ханты-Манс. автоном. округа - Югры, галерея-мастерская худож. Г. С. Райшева, Худож. галерея Фонда поколений
300 _aНа обл. подзаг. незначит. изменен
316 _aПринято в дар
_5Свердловская ОУНБ
320 _aБиблиогр. в конце ст.
600 1 _aРайшев
_bГ. С.
_f1934 - 2020
_gГеннадий Степанович
_jСъезды, совещания и т.п.
_91404389
_3RU\NLR\auth\66591245
606 1 _aИскусство
_jСъезды, совещания и т.п.
_z20 - 21 вв.
_92404172
_3RU\NLR\auth\661432905
686 _a85.143(2)6-8
_vLBC/RL
_2rubbk
686 _aЩ143(2Р=Рус)7-8Райшев я431
686 _aЩ03(0)6я431
702 1 _4340
_7ca
_8rus
_aФедорова
_bН. Н.
_cхудожник, искусствовед
_gНаталья Николаевна
_940419
_3RU\NLR\auth\7757487
702 1 _4570
_7ca
_8rus
_aРайшев
_bГ. С.
_cхудожник
_f1934 -
_gГеннадий Степанович
_9120045
_3RU\NLR\auth\7710266
711 1 2 _a"Личность и художественный процесс", научно-практическая конференция
_eХанты-Мансийск
_f2009
_9815190
_3RU\NLR\AUTH\8810159812
801 0 _aRU
_bСвердловская ОУНБ
_c20100706
_grcr
801 1 _aRU
_bСвердловская ОУНБ
_c20100706
_2rusmarc
801 2 _aRU
_bNLR
_c20100709
_grcr
942 _cBOOK
980 _aNB
980 _aNBR